ბათუმის შოთა რუსთაველის სახელმწიფო უნივერსიტეტის ბიბლიოთეკა

ჭანური ტექსტები / (ბიბ.ჩანაწერი № 54519)

000 -ლიდერი
ფიქსირებული სიგრძის საკონტროლო ველი 01384nam a2200241Ia 4500
001 - საკონტროლო ნომერი
საკონტროლო ველი 21583
003 - საკონტროლო ნომრის იდენტიფიკატორი
საკონტროლო ველი GE_BSU
005 - ბოლო ოპერაციის თარიღი და დრო
საკონტროლო ველი 20211203164720.0
008 - ფიქსირებული სიგრძის მონაცემთა ელემენტები - ზოგადი ინფორმაცია
ფიქსირებული სიგრძის საკონტროლო ველი 181216s1939||||ge |||||||||||||| ||geo||
040 ## - კატალოგიზაციის წყარო
Transcribing agency GE_BSU
041 ## - ენის კოდი
Language code of text/sound track or separate title geo
080 ## - უნივერსალური ათობითი კლასიფიკაციის ინდექსი
Universal Decimal Classification number 811.353.31 ყ-57
100 ## - მთავარი ჩანაწერი - პიროვნების სახელი
Personal name ყიფშიძე, იოსებ
9 (RLIN) 13175
245 ## - ცნობა სათაურის შესახებ
Title ჭანური ტექსტები /
Statement of responsibility, etc იოსებ ყიფშიძე ; რედ. არნ. ჩიქობავა.
264 ## - წარმოების, გამოცემის, დისტრიბუციის და სხვა ცნობები
გამოცემის, წარმოების, დისტრიბუციის... ადგილი თბილისი :
გამოცემის, წარმოების, დისტრიბუციის... სახელწოდება სსრკ მეცნ. აკად. საქართველოს ფილიალის გამომცემლობა,
გამოცემის, წარმოების, დისტრიბუციის... თარიღი 1939.
300 ## - ფიზიკური აღწერა
Extent 94 გვ. ;
Dimensions 22 სმ.
500 ## - ზოგადი შენიშვნა
General note დამატებითი თავფურცელი რუსულ-ფრანგულ ენებზე
653 ## - INDEX TERM--UNCONTROLLED
Uncontrolled term ჭანური ტექსტები
700 ## - ADDED ENTRY--PERSONAL NAME
Personal name ჩიქობავა, არნ.
Relator term რედაქტორი
9 (RLIN) 7708
711 ## - ADDED ENTRY--MEETING NAME
Meeting name or jurisdiction name as entry element სსრკ მეცნიერებათა აკადემია
Subordinate unit საქართველოს ფილიალი, ენის, ისტორიისა და მატერიალური კულტურის ინსტიტუტი აკად. ნ. მარის სახელობის
9 (RLIN) 13176
942 ## - ADDED ENTRY ELEMENTS (KOHA)
Koha item type წიგნი
Source of classification or shelving scheme
ეგზემპლარები
ჩამოწერის სტატუსი დაკარგული ეგზემპლარის სტატუსი კლასიფიკაციის წყარო ან თაროზე გაწყობის სქემა დაზიანების სტატუსი არ გაიცემა მუდმივი მდებარეობა (დაცვის ადგილი) ამჟამინდელი ადგილსამყოფელი თაროზე განთავსების ადგილი შეძენის თარიღი ღირებულება, შესყიდვის ნორმალური ფასი სრული შენახვის შიფრი შტრიხკოდი ბოლო ოპერაციის თარიღი ეგზემპლარის მიმდევრობითი ნომერი (კეტერი?) ფასის ძალაში შესვლის თარიღი ეგზემპლარის სახეობა საჯარო შენიშვნა
          ბათუმის შოთა რუსთაველის სახელმწიფო უნივერსიტეტის მთავარი ბიბლიოთეკა ბათუმის შოთა რუსთაველის სახელმწიფო უნივერსიტეტის მთავარი ბიბლიოთეკა წიგნსაცავი 2018-12-17 1.50 811.353.31 ყ-57 55603 2018-12-17 55603 2018-12-17 წიგნი 1.50 ₾.